| 000 | 00404nam a2200157Ia 4500 | ||
|---|---|---|---|
| 005 | 20250703152748.0 | ||
| 008 | 240331s9999 xx 000 0 und d | ||
| 020 | _a9789556593174 | ||
| 082 |
_bKAD _a950 |
||
| 100 | _aKadirgamar, S | ||
| 245 | 0 | _aYapana Tharuna Congressye | |
| 260 |
_aColombo - Chennai _bKumaran Book Store _c2012 |
||
| 300 | _a140 p ., | ||
| 650 | _aJaffna Youth Congress | ||
| 942 | _cL | ||
| 999 |
_c5752 _d5752 |
||